| 000 | 00847nam a22002177a 4500 | ||
|---|---|---|---|
| 999 |
_c10063 _d10063 |
||
| 003 | AR-CdUCM | ||
| 008 | 190329b ||||| |||| 00| 0 spa d | ||
| 040 |
_aMUNICIPALIDAD PROVINCIAL DEL CUSCO _cBIBLIOTECA MUNICIPAL DEL CUSCO |
||
| 082 |
_a985.01 / _bF66 / 1967 |
||
| 100 |
_aFlorián, Mario _914609 |
||
| 245 | _aRepresentación de los Vicus / | ||
| 260 |
_aLima : _bTalleres gráficos de la Cía. de imprenta y publicidad, _c1967. |
||
| 300 |
_a[s.n] ; _bilustraciones ; _c25 cm. |
||
| 500 | _aDonación de la familia Nieto. Publicación artesanal. | ||
| 505 | _aArtículo sobre la el yacimiento arqueológico de Vicús, centrado en la cerámica. | ||
| 650 |
_aPerú prehispánico - Arqueología _926697 |
||
| 650 |
_aPiura - Época prehispánica _926698 |
||
| 650 |
_aCerámica Vicus _926699 |
||
| 942 |
_2ddc _cLIBROS |
||
| 945 | _alccs | ||